000 00512 a2200205 4500
005 20260412111946.0
008 260410b |||||||| |||| 00| 0 eng d
020 _a9781784724160
_c£ 17.99
040 _aMAIN
082 _a641.86
_bM298H
100 _aMalouf, Tarek
245 _aHummingbird bakery cookbook
260 _bOctopus Publishing
_c2009
_aLondon
300 _a160
650 _aFood Technology
650 _aFood and Drink
650 _aBaking
650 _aHotel Management
942 _cBK
999 _c395665
_d395665